La giustizia administrativa

Saved in:
Bibliografiske detaljer
Hovedforfatter: Severo Giannini, Massimo (Author)
Format: Bog
Sprog:spansk
Udgivet: Roma Jandi Sapi 1960
Fag:
Tags: Tilføj Tag
Ingen Tags, Vær først til at tagge denne postø!

MARC

LEADER 00000nam a2200000 a 4500
001 UCS0532
003 CL-VaPUC
008 970426e19600000IT |||||||||||||||||spa|d
082 0 4 |a 342.06  |b SEV  |2 21 
100 0 |a Severo Giannini, Massimo  |e author  |9 384161 
245 1 3 |a La giustizia administrativa 
300 |a 249 p 
942 |c BK 
945 |d 19970426 00:00:00  |a paguirre 
260 |a Roma  |b Jandi Sapi  |c 1960 
650 0 |a Derecho administrativo  |9 254851 
650 7 |a CONTENCIOSO ADMINISTRATIVO  |2 CL-VaPUC  |9 255490 
650 0 |a Administración pública   |9 255343 
651 0 |a Italia  |9 254949 
583 |a last modification  |c 20130925 08:33:20  |k Rodrigo Vera 
999 |c 258756  |d 258754 
952 |0 0  |1 0  |4 0  |6 342_060000000000000_SEV_1960  |7 0  |8 A  |9 283046  |a BIBDER  |b BIBDER  |d 2019-11-19  |i 1836544  |o 342.06 SEV 1960  |p 1836544  |r 2023-01-25  |w 2019-11-19  |y BK  |k DER